000 00206 a2200097 4500
001 18942
100 _aGhoosh B N
245 _aHygienic & Public health
260 _a
_bPub co
_c1948
090 _c14030
_d14030
942 _aNUST-CAE
_cM
_c4482
999 _c254015
_d254015